| 000 | 00735cam a22002295a 4500 | ||
|---|---|---|---|
| 999 |
_c27413 _d27384 |
||
| 005 | 20190520101921.0 | ||
| 008 | 070207s2007 enka frb 001 0 eng d | ||
| 020 | _a9781403998620 | ||
| 020 | _a1403998620 | ||
| 040 |
_aStDuBDS _beng _cStDuBDS _dUk _dEG-ScBUE _dEG-ScBUE |
||
| 082 | 0 | 4 |
_a658.8342 _bFOX _222 |
| 100 | 1 |
_aFoxall, G. R. _935059 |
|
| 245 | 1 | 0 |
_aExplaining consumer choice / _cGordon R. Foxall. |
| 260 |
_aHampshire ; _aNew York : _bPalgrave Macmillan, _cc.2007. |
||
| 300 |
_axii, 256 p. : _bill. ; _c22 cm. |
||
| 504 | _aIncludes bibliographical references and index. | ||
| 541 | _aDr. Mahitab Shahin ; | ||
| 650 | 7 |
_aConsumer behavior. _2BUEsh |
|
| 651 | _2BUEsh | ||
| 653 |
_bBUSADM _cApril2019 |
||
| 942 | _2ddc | ||